000 00310nam a22001217a 4500
008 230620b xxu||||| |||| 00| 0 eng d
082 _a323
_bCHR 1995
245 _aNational Human Rights Institutions
260 _aNew York and Geneva
_bUnited Nations
_c1995
300 _aXI,55p
440 _n4
942 _2ddc
_cBK
999 _c1793
_d1793